| 000 | 00568cam a2200157 4500500 | ||
|---|---|---|---|
| 005 | 20250921011748.0 | ||
| 041 | _afre | ||
| 042 | _adc | ||
| 100 | 1 | 0 |
_aBaudrant, Annie _eauthor |
| 700 | 1 | 0 |
_a Frigerio, Jean-Marc _eauthor |
| 700 | 1 | 0 |
_a Monnereau, Cyrille _eauthor |
| 700 | 1 | 0 |
_a Thorel, Alain _eauthor |
| 245 | 0 | 0 | _aNanomatériaux : synthèse et élaboration |
| 260 |
_bTechniques de l'ingénieur,
_c2025. |
||
| 856 | 4 | 1 | _uhttps://shs.cairn.info/techniques-de-l-ingenieur-nanomateriaux-synthese-et-elaboration--42195210?lang=fr&redirect-ssocas=7080 |
| 999 |
_c1509256 _d1509256 |
||